| 000 | 00471nam a22001577a 4500 | ||
|---|---|---|---|
| 999 |
_c9318 _d9318 |
||
| 008 | 210403b ||||| |||| 00| 0 eng d | ||
| 040 | _aBMS College of Architecture | ||
| 100 | _aG, Usha | ||
| 245 | _aInstitute of Fashion Technology | ||
| 300 | _a43p. | ||
| 500 | _a1BM99AT040 | ||
| 502 |
_8B.Arch _NBMS College of Architecture, Visvesvaraya Technological University _aProject report _d2003 |
||
| 650 | _aFashion | ||
| 700 |
_aSridhar, Rajan _eGuide |
||
| 942 |
_2ddc _cTHE |
||